Länder, die Italien am meisten besuchen - Statistiken

Allgemein
  • Dieses Quiz wurde 88 mal gespielt
  • Das Durchschnittsergebnis liegt bei 15 aus 20
Antwortstatistiken
Platz Touristenankünfte Land % Korrekt
🥇 ~14.000.000 Deutschland
100%
🥉 ~5.000.000 Frankreich
99%
5. ~3.400.000 Schweiz
99%
6. ~3.000.000 Österreich
97%
8. ~2.350.000 Spanien
96%
13. ~1.140.000 China
92%
🥈 ~8.000.000 Vereinigte Staaten
91%
4. ~3.600.000 Vereinigtes Königreich
89%
7. ~2.400.000 Niederlande
85%
10. ~1.300.000 Belgien
82%
9. ~2.000.000 Polen
81%
11. ~1.300.000 Australien
76%
12. ~1.150.000 Kanada
76%
15. ~1.100.000 Tschechien
76%
14. ~1.120.000 Brasilien
66%
19. ~700.000 Dänemark
62%
18. ~700.000 Ungarn
58%
17. ~800.000 Südkorea
54%
16. ~1.060.000 Rumänien
51%
20. ~700.000 Israel
16%
Keine übereinstimmenden Quizze gefunden
Verteilung der Resultate
Anzahl Personen mit jedem Resultat
Perzentil nach korrekt beantworteten Fragen
Ihre Resultats-Entwicklung
Sie haben dieses Quiz noch nicht gespielt